Ermeni iddiaları ve gerçekler (Record no. 1455)

MARC details
000 -BAŞLIK
Sabit Uzunlukta Kontrol Alanı 00783na a2200265 4500
001 - KONTROL NUMARASI
Denetim Alanı 14414
003 - KONTROL NUMARASI IDENTIFIER
Denetim Alanı MIRAKIL
005 - SON İŞLEM TARİHİ VE ZAMANI
Denetim Alanı 20181213154823.0
008 - SABİT-BOY VERİ ELEMANLARI - GENEL BİLGİLER
Sabit Uzunlukta Kontrol Alanı 161110b tu 000 0
035 ## - SİSTEM KONTROL NUMARASI
Sistem Kontrol Numarası 14414
040 ## - KATALOGLAMA KAYNAK
Orijinal Kataloglama Ajansı Milas
Kataloglama Dili tur
Metne Dönüştürmek Ajansı TR-AnCHP
041 ## - DİL KODU
Metin / Ses Parça Veya Ayrı Başlığın Dil Kodu tur
082 ## - DEWEY ONLU SINIFLANDIRMA NUMARASI
Sınıflandırma Numarası 956.101591992
Ürün Numarası Ö91e [t.y.]
090 ## - SINIFLAMA NUMARASI
Sınıflama Numarası 956.101591992 Ö91e [t.y.]
100 ## - ANA GİRİŞ - KİŞİSEL İSİM
Kişisel Ad Özçelik, İsmail
245 ## - BAŞLIK TABLOSU
Başlık Ermeni iddiaları ve gerçekler
Sorumluluk Tablosu, Vb İsmail Özçelik
260 ## - YAYIN, DAĞITIM, VB
Yayın, Dağıtım, Vb Yeri Kırıkkale
Yayıncı, Dağıtıcı, Vs Adı Türk Metal Sendikası Yayınları
Yayın, Dağıtım, Vb Tarihi [t. y.]
300 ## - FİZİKSEL TANIM
Kapsam 85 s.
Diğer Fiziksel Ayrıntıları tbl.
Boyutlar 20 sm.
504 ## - KAYNAKÇA VB NOT
Kaynakça Vb Notu Kaynakça var.
650 ## - KONU KATMA GİRİŞ - TOPİKAL DÖNEM
Topikal Süreli Veya Coğrafi Ad Giriş Elemanı Soykırım iddiaları
650 ## - KONU KATMA GİRİŞ - TOPİKAL DÖNEM
Topikal Süreli Veya Coğrafi Ad Giriş Elemanı Ermeniler
Genel Alt Bölümü Tarih
Coğrafi Alt Bölümü Türkiye
650 ## - KONU KATMA GİRİŞ - TOPİKAL DÖNEM
Topikal Süreli Veya Coğrafi Ad Giriş Elemanı Ermeni soykırımı
Genel Alt Bölümü Belgeler
Coğrafi Alt Bölümü Türkiye
650 ## - KONU KATMA GİRİŞ - TOPİKAL DÖNEM
Topikal Süreli Veya Coğrafi Ad Giriş Elemanı Ermeni sorunu
Coğrafi Alt Bölümü Türkiye
942 ## - EKLENDİ GİRİŞ ELEMANLARI (KOHA)
Sınıflandırma Veya Raf Düzeni Kaynak Dewey Decimal Classification
Koha Öğesi Türü Books
999 ## - SİSTEM KONTROL NUMARALARI (KOHA)
Koha Biblionumber 1455
Koha Biblioitemnumber 1455
Holdings
Kalıcı Konum Mevcut Konum Edinme Tarihi Edinim Kaynak Toplam Check-Out'Lar Tam Çağrı Numarası Barkod Tarih Son Görülme İtibaren Geçerli Fiyatlar Koha Öğesi Türü
CHP Kütüphanesi CHP Kütüphanesi 08/27/2016 Bağış   956.101591992 Ö91e [t.y.] 002308 08/27/2016 08/27/2016 Books